Chelsea - Tous les Joueurs (2015-2026) - Statistiques

Statistiques générales
  • Ce quiz a été pris 242 fois
    114 depuis la dernière actualisation
  • Le résultat moyen est 60 sur 111
Statistiques - réponses
Matchs Période Nationalité Joueur % Correct
352 2012-2019 Belgique Eden Hazard
97%
494 2004-2015 Tchéquie Petr Cech
95%
269 2016-2023 France N'Golo Kanté
94%
717 1998-2017 Angleterre John Terry
92%
148 2023- Équateur Moisés Caicedo
92%
169 2023- Argentine Enzo Fernández
91%
53 2025- Brésil Joao Pedro
91%
206 2015-2020 Espagne Pedro
91%
508 2012-2023 Espagne César Azpilicueta
89%
221 2018-2023 Croatie Mateo Kovacic
89%
213 2018-2023 Italie Jorginho
86%
290 2012-2019 Angleterre Gary Cahill
83%
139 2020-2023 Allemagne Kai Havertz
83%
229 2017- Angleterre Reece James
82%
111 2023- Espagne Robert Sánchez
82%
161 2014-2022 Danemark Andreas Christensen
80%
131 2023- Angleterre Cole Palmer
80%
134 2023- France Malo Gusto
80%
155 2020-2024 Brésil Thiago Silva
80%
145 2019-2023 États-Unis Christian Pulisic
78%
73 2023- Ukraine Mykhaïlo Mudryk
78%
89 2020-2022 Allemagne Timo Werner
78%
72 2022- France Wesley Fofana
78%
339 2013-2020 Brésil Willian
78%
203 2017-2022 Allemagne Antonio Rüdiger
77%
377 2008-2017 Serbie Branislav Ivanovic
77%
163 2018-2025 Espagne Kepa Arrizabalaga
77%
103 2024- Portugal Pedro Neto
77%
59 2011-2024 Belgique Romelu Lukaku
77%
107 2020-2023 Maroc Hakim Ziyech
75%
71 2023- France Benoît Badiashile
74%
163 2022- Espagne Marc Cucurella
74%
19 2014-2016 Égypte Mohamed Salah
74%
21 2022-2023 Gabon Pierre-Emerick Aubameyang
74%
154 2011-2018 Belgique Thibaut Courtois
74%
248 2011-2019 Brésil David Luiz
72%
105 2020-2023 Sénégal Edouard Mendy
72%
372 2006-2017 Nigéria John Obi Mikel
72%
198 2014-2019 Espagne Cesc Fàbregas
71%
81 2022-2025 Angleterre Raheem Sterling
71%
119 2018-2021 France Olivier Giroud
69%
61 2023-2026 France Axel Disasi
68%
195 2016-2023 Angleterre Mason Mount
68%
203 2012-2017 Brésil Oscar
68%
120 2014-2018 Espagne Diego Costa
66%
212 2016-2022 Espagne Marcos Alonso
66%
43 2023- Belgique Roméo Lavia
66%
154 2009-2017 Serbie Nemanja Matic
65%
81 2023- Sénégal Nicolas Jackson
62%
72 2017-2020 Espagne Álvaro Morata
60%
43 2025- Argentine Alejandro Garnacho
58%
251 2010-2016 Brésil Ramires
58%
32 2022-2023 Sénégal Kalidou Koulibaly
57%
128 2012-2021 Nigéria Victor Moses
55%
36 2025- Brésil Estêvao
54%
79 2020- Angleterre Levi Colwill
54%
15 2012-2017 Angleterre Nathaniel Chalobah
52%
151 2018- Angleterre Trevor Chalobah
52%
107 2020-2025 Angleterre Ben Chilwell
51%
47 2025- Angleterre Liam Delap
51%
36 2024- Danemark Filip Jorgensen
49%
40 2023-2025 Portugal Joao Félix
49%
21 2020-2024 France Malang Sarr
48%
38 2017-2021 Argentine Willy Caballero
46%
71 2018-2022 Italie Emerson Palmeiri
45%
65 2013-2015 Allemagne André Schürrle
43%
33 2015-2017 Bosnie-Herzégovine Asmir Begovic
43%
16 2014-2017 Burkina Faso Bertrand Traoré
43%
95 2019-2024 Angleterre Conor Gallagher
43%
92 2023-2025 Angleterre Noni Madueke
43%
151 2014-2021 France Kurt Zouma
42%
82 2016-2021 Angleterre Tammy Abraham
42%
38 2020-2025 Albanie Armando Broja
40%
62 2023-2025 France Christopher Nkunku
40%
47 2023- Brésil Andrey Santos
38%
12 2015-2016 Colombie Radamel Falcao
37%
70 2024- Angleterre Tosin Adarabioyo
37%
23 2017-2022 Angleterre Danny Drinkwater
35%
15 2015-2017 Colombie Juan Cuadrado
35%
52 2017-2021 Italie Davide Zappacosta
34%
18 2019 Argentine Gonzalo Higuaín
34%
36 2025- Pays-Bas Jorrel Hato
32%
43 2017-2023 France Tiemoué Bakayoko
32%
22 2019-2022 Écosse Billy Gilmour
31%
41 2024-2025 Angleterre Jadon Sancho
31%
29 2024- Espagne Marc Guiu
29%
77 2016-2022 Belgique Michy Batshuayi
29%
23 2015-2023 Ghana Abdul Rahman Baba
28%
27 2025- Angleterre Jamie Gittens
28%
155 2014-2023 Angleterre Ruben Loftus-Cheek
28%
126 2018-2023 Angleterre Callum Hudson-Odoi
26%
11 2022-2023 Suisse Denis Zakaria
26%
31 2023-2025 Serbie Djordje Petrovic
26%
26 2014-2015 Brésil Filipe Luís
26%
15 2023-2025 France Lesley Ugochukwu
26%
27 2016-2021 Angleterre Fikayo Tomori
25%
36 2024-2025 Angleterre Kiernan Dewsbury-Hall
25%
12 2017-2023 Pays de Galles Ethan Ampadu
23%
44 2024- Angleterre Josh Acheampong
23%
17 2012-2017 Pays-Bas Nathan Aké
23%
100 2018-2022 Angleterre Ross Barkley
23%
32 2022-2025 Angleterre Carney Chukwuemeka
20%
47 2014-2017 France Loïc Rémy
20%
18 2024-2025 Portugal Renato Veiga
20%
23 2021-2022 Espagne Saúl Níguez
20%
37 2024-2026 Angleterre Tyrique George
18%
12 2021-2024 Angleterre Lewis Hall
15%
16 2019-2024 Pays-Bas Ian Maatsen
14%
30 2015-2022 Brésil Kenedy
14%
17 2022-2025 Italie Cesare Casadei
11%
17 2023-2025 Angleterre Alfie Gilchrist
3%
Aucun quiz correspondant
Distribution des résultats
% des personnes avec chaque résultat
Percentile par nombre de réponses
Votre historique - résultats
Vous n’avez pas pris ce quiz depuis la dernière actualisation